|
|
|
|
| LEADER |
00000nam0a2200000 4500 |
| 001 |
356480 |
| 005 |
20231102010910.0 |
| 035 |
|
|
|a (RuTPU)RU\TPU\retro\13740
|
| 090 |
|
|
|a 356480
|
| 100 |
|
|
|a 20200721d1939 km y0rusy50 ca
|
| 101 |
0 |
|
|a rus
|
| 102 |
|
|
|a RU
|
| 105 |
|
|
|a y z 000zy
|
| 200 |
1 |
|
|a Социализм и политическая борьба. Наши разногласия
|f Г. В. Плеханов
|
| 210 |
|
|
|a Ленинград
|c ОГИЗ
|d 1939
|
| 215 |
|
|
|a 356 с.
|
| 606 |
1 |
|
|a Политические учения
|x История
|y Русское государство
|2 stltpush
|3 (RuTPU)RU\TPU\subj\50484
|9 69157
|
| 610 |
1 |
|
|a политическая мысль
|
| 610 |
1 |
|
|a политическая борьба
|
| 610 |
1 |
|
|a социализм
|
| 610 |
1 |
|
|a марксизм
|
| 610 |
1 |
|
|a политические течения
|
| 610 |
1 |
|
|a Россия
|
| 610 |
1 |
|
|a 19 век
|
| 610 |
1 |
|
|a 20 век
|
| 610 |
1 |
|
|a капитализм
|
| 610 |
1 |
|
|a общины
|
| 610 |
1 |
|
|a землевладение
|
| 610 |
1 |
|
|a бланкизм
|
| 610 |
1 |
|
|a социал-демократы
|
| 610 |
1 |
|
|a разногласия
|
| 686 |
|
|
|a Ф1(2)
|v LBC/SL-A
|2 rubbk
|
| 700 |
|
1 |
|a Плеханов
|b Г. В.
|c российский политический деятель
|c философ
|c теоретик марксизма
|f 1856-1918
|g Георгий Валентинович
|2 stltpush
|3 (RuTPU)RU\TPU\pers\1148
|9 520
|
| 801 |
|
1 |
|a RU
|b 63413507
|c 20200721
|
| 801 |
|
2 |
|a RU
|b 63413507
|c 20200727
|g RCR
|
| 942 |
|
|
|c BK
|